Logo BPK

Biblioteka

Politechniki Koszalińskiej

Systemy komputerowe i sieci = (Rekord nr 42951)

Szczegóły MARC
000 -ETYKIETA REKORDU
podpole kontrolne o stałej długości 00987nam a2200229 i 4500
001 - NUMER KONTROLNY REKORDU
pole kontrolne bg
040 ## - ŹRÓDŁO KATALOGOWANIA
Instytucja, która utworzyła rekord BPK
041 0# - KOD JĘZYKA
Kod języka tekstu poleng
Kod języka streszczenia lub abstraktu poleng
080 ## - UNIWERSALNA KLASYFIKACJA DZIESIĘTNA - UKD
UKD 004.03:004.7
008 - POLE O STAŁEJ DŁUGOŚCI - DANE KONTROLNE
podpole kontrolne o stałej długości s pl f |000 0 pol
245 00 - TYTUŁ/ODPOWIEDZIALNOŚĆ
Tytuł Systemy komputerowe i sieci =
Ciąg dalszy tytułu Computer systems and networks : projektowanie, zastosowanie, eksploatacja. T.1 /
Pozostałe elementy strefy tytułu i oznaczenia odpowiedzialności pod red. Stanisława Paszczyńskiego.
260 ## - STREFA ADRESU WYDAWNICZEGO
Miejsce wydania Rzeszów :
Nazwa wydawcy/dystrybutora Wydaw. WSIiZ,
Data publikacji, dystrybucji/powstania dokumentu 2001.
300 ## - STREFA OPISU FIZYCZNEGO
Objętość 134 s. :
Inne cechy fizyczne il. ;
Rozmiary 24 cm.
490 1# - STREFA SERII I DOKUMENTU WIELOCZĘŚCIOWEGO - FORMA NIE DO WYSZUKIWANIA
Tytuł i oznaczenie odpowiedzialności serii Zeszyty Naukowe / Wyższa Szkoła Informatyki i Zarządzania,
ISSN 1429-5237 ;
Numeracja w obrębie serii 1/2001
500 ## - UWAGI OGÓLNE
Tekst uwagi W nagł. odm. tyt. serii: Zeszyty Naukowe Wyższej Szkoły Informatyki i Zarządzania w Rzeszowie. - Tekst częśc. ang., streszcz. pol., ang. po rozdz.
504 ## - UWAGA DOTYCZĄCA BIBLIOGRAFII
Informacje o bibliografii Bibliogr. po ref.
650 #9 - HASŁO PRZEDMIOTOWE W FORMIE NAZWY OGÓLNEJ LUB JEDNOSTKOWEJ
Nazwa ogólna lub geograficzna Sieć komputerowa
650 #9 - HASŁO PRZEDMIOTOWE W FORMIE NAZWY OGÓLNEJ LUB JEDNOSTKOWEJ
Nazwa ogólna lub geograficzna Systemy informatyczne
700 1# - HASŁO DODATKOWE - NAZWA OSOBOWA
Nazwa osobowa PASZCZYŃSKI, Stanisław.
Określenie związku między hasłem a opisywanym materiałem Red.
830 #0 - HASŁO DODATKOWE SERII LUB DOKUMENTU WIELOCZĘŚCIOWEGO - TYTUŁ UJEDNOLICONY
Tytuł ujednolicony Zeszyty Naukowe (Wyższa Szkoła Informatyki i Zarządzania) ;
Oznaczenie tomu 1/2001
856 ## - LOKALIZACJA I DOSTĘP DO ELEKTRONICZNYCH DOKUMENTÓW ZDALNYCH
Link (URL) http://koha.tu.koszalin.pl/cgi-bin/koha/opac-detail.pl?biblionumber=42951
Tekst linku Katalog online BPK
942 ## - DODATKOWE ELEMENTY (KOHA)
Typ dokumentu Książka
Egzemplarze
Wycofany Status egzemplarza Uszkodzony Dostępność Lokalizacja stała Lokalizacja bieżąca Miejsce przechowywania Sygnatura Kod kreskowy Typ dokumentu
      Dostępny Biblioteka Politechniki Koszalińskiej Biblioteka Politechniki Koszalińskiej Wypożyczalnia BG 67748 01911756 Książka
© 2023 Biblioteka Politechniki Koszalińskiej :: KOHA